Men in their forties : the transition to middle age /

Bibliographic Details
Main Author: Tamir, Lois M., 1954-
Format: Book
Language:English
Published: New York : Springer Pub. Co., [1982]
Series:Springer series, focus on men ; 2.
Subjects:

MARC

Tag First Indicator Second Indicator Subfields
LEADER 00000pam a2200000 a 4500
001 in00000082057
005 20151008055459.0
008 810824s1982 nyua b 00110 eng
010 |a  81014328  
020 |a 0826136303 
020 |a 0826136311 (pbk.) 
035 |a (OCoLC)07774219 
035 |9 AAJ3576AM 
039 0 |a 2  |b 3  |c 3  |d 3  |e 3 
040 |a DLC  |c DLC  |d TXA  |d UtOrBLW 
043 |a n-us--- 
049 |a TXAM  |c [951900] 
050 0 0 |a HQ1090.3  |b .T35 
060 0 |a W1 SP685K v. 2  |a BF 724.6 T158m 
082 0 |a 305.2/4  |2 19 
100 1 |a Tamir, Lois M.,  |d 1954- 
245 1 0 |a Men in their forties :  |b the transition to middle age /  |c Lois M. Tamir. 
264 1 |a New York :  |b Springer Pub. Co.,  |c [1982] 
264 4 |c ©1982 
300 |a x, 150 pages :  |b illustrations ;  |c 24 cm. 
336 |a text  |b txt  |2 rdacontent 
337 |a unmediated  |b n  |2 rdamedia 
338 |a volume  |b nc  |2 rdacarrier 
490 1 |a Springer series, focus on men,  |x 0277-3422 ;  |v v. 2 
500 |a Includes index. 
504 |a Bibliography: pages 144-148. 
650 0 |a Middle-aged men  |z United States. 
650 0 |a Fathers  |z United States. 
650 0 |a Life cycle, Human. 
650 0 |a Lifestyles  |x In middle age. 
650 2 |a Men  |x psychology. 
650 2 |a Middle Aged  |x psychology. 
830 0 |a Springer series, focus on men ;  |v 2. 
999 |a MARS 
999 f f |s 9624b19d-3532-39ff-b3d4-80e60ac61f88  |i 7c9a14cc-bdc8-3103-aa89-f37cece1a514  |t 0 
952 f f |p ric  |a Texas A&M University  |b Rellis Campus  |c Joint Library Facility  |d Remote Storage  |t 0  |e HQ1090.3 .T35  |h Library of Congress classification  |i unmediated -- volume  |m A14806143049 
998 f f |a HQ1090.3 .T35  |t 0  |l Remote Storage